000 01224nam a2200277 a 4500
001 BRCA_2476
005 20190320203828.0
008 201108s1837----sp-a---###---#000-0#spa-u
041 _aspa
044 _asp
084 _a116
_b.P65
_c1837
100 1 _aCervantes Saavedra, Miguel de
_d1547-1616
_9213
245 1 0 _aEl Ingenioso Hidalgo Don Quijote de la Mancha
_ccompuesto por Miguel de Cervantes Saavedra.
260 _aZaragoza
_bPolo y Monge hermanos
_c1837
300 _a2 v.
_bil.
_c16 cm.
500 _aContenido : v 1. Primera parte. Dedicatoria del autor. Prólogo del autor. Versos preliminares. Texto. -- v 2. Segunda parte. Dedicatoria del autor. Prólogo del autor. Texto
500 _aReimpresión de la edición de 1831, publicada por los mismos editores. Con láminas grabadas por Lafuente. Piel; lomeras con adornos dorados Lúdovik Osterc
500 _aQM97
650 1 4 _aNovela española
_yÉpoca clásica, 1500-1700
_9215
650 1 4 _aLiteratura española
_yÉpoca clásica, 1500-1700
_9216
650 1 4 _aNovela española
_ySiglo XVII
_9217
650 1 4 _aDon Quijote (Personaje ficticio)
_eNovela
_9218
740 0 _aEl Ingenioso Hidalgo Don Quijote de la Mancha
902 _aQFM
942 _2lcc
_cB
999 _c2217
_d2217